[Event "IECG CP.2000.P.00054"]
[Site "IECG email"]
[Date "2000.10.01"]
[Round "?"]
[White "Hyde, Kevin J"]
[Black "Zyrjanov, Alexey"]
[Result "0-1"]
[WhiteElo "1404"]
[BlackElo "1900"]
[PlyCount "70"]
[EventDate "2000.10.01"]
[EventType "tourn (corr)"]
[EventRounds "6"]
[EventCountry "NED"]
[SourceTitle "Corr 2008"]
[Source "ChessBase"]
[SourceDate "2008.06.24"]
[SourceVersion "1"]
[SourceVersionDate "2008.06.24"]
[SourceQuality "1"]

1. e4 e6 2. d4 d5 3. e5 c5 4. Nf3 Nc6 5. Bb5 Qb6 6. c4 dxc4 7. Bxc4 cxd4 8. 0-0 Bc5 9. b3 Nge7 10. Nbd2 0-0 11. Ne4 Ng6 12. Bb2 Rd8 13. Nfg5 Ncxe5 14. Qh5 h6 15. Kh1 hxg5 16. Nxg5 Nxc4 17. bxc4 Qxb2 18. f4 Be7 19. Qh7+ Kf8 20. Nf3 Bf6 21. Ne5 Nxe5 22. fxe5 Bxe5 23. Rab1 Qa3 24. Rb3 Qd6 25. Rbf3 f5 26. Qh8+ Ke7 27. Qh4+ Bf6 28. Qe1 Rh8 29. h3 Kf7 30. Qa5 b6 31. Qa4 Bb7 32. Rd3 Be4 33. c5 bxc5 34. Rb3 d3 35. Kg1 Bd4+ 0-1

[Event "IECG CP.2000.P.00054"]
[Site "IECG email"]
[Date "2000.10.01"]
[Round "?"]
[White "Zyrjanov, Alexey"]
[Black "Morse, David W"]
[Result "0-1"]
[WhiteElo "1900"]
[BlackElo "800"]
[PlyCount "90"]
[EventDate "2000.10.01"]
[EventType "tourn (corr)"]
[EventRounds "6"]
[EventCountry "NED"]
[SourceTitle "Corr 2008"]
[Source "ChessBase"]
[SourceDate "2008.06.24"]
[SourceVersion "1"]
[SourceVersionDate "2008.06.24"]
[SourceQuality "1"]

1. e4 c5 2. Nf3 e6 3. d4 cxd4 4. Nxd4 e5 5. Nb5 Bc5 6. N1c3 Nc6 7. Nd5 Kf8 8. Qf3 a6 9. Nbc7 Ra7 10. Be3 b6 11. Bc4 f6 12. Bxc5+ bxc5 13. Qa3 d6 14. 0-0 Rxc7 15. Nxc7 Qxc7 16. Rad1 Na5 17. Be2 Nh6 18. Rxd6 Qxd6 19. Qxa5 Kf7 20. Rd1 Qe7 21. Rd5 Bb7 22. Rxc5 Rd8 23. f3 Kf8 24. h3 Nf7 25. Bd3 Rd7 26. Rc3 Qd8 27. Qc5+ Kg8 28. a4 Kh8 29. b4 Nd6 30. Rb3 Rc7 31. Qb6 Qd7 32. b5 axb5 33. axb5 Qe7 34. Qa5 Rc8 35. Qb4 Qd8 36. c4 Nxc4 37. Kh2 Ne3 38. Bb1 Qd2 39. Rb2 Nf1+ 40. Kg1 Qe3+ 41. Kh1 Ng3+ 42. Kh2 Qf4 43. Rc2 Nxe4+ 44. Kg1 Rd8 45. Qe1 Nd2 0-1